[Event "Stay Safe Play From Home 202"]
[Site "T#646585Emanuel Laske"]
[Date "2020.06.05"]
[Round "2"]
[White "Lucknow"]
[Black "Justwatch"]
[Result "0-1"]
[WhiteElo "1869"]
[BlackElo "1750"]
[Annotator "NA RC"]
[PlyCount "164"]
[EventDate "2020.06.05"]
[EventType "swiss (blitz)"]

1. d4 {[%emt 0:00:01]} Nf6 {[%emt 0:00:00]} 2. c4 {[%emt 0:00:01]} g6 {[%emt 0:00:00]} 3. e3 {[%emt 0:00:00]} Bg7 {[%emt 0:00:00]} 4. Nf3 {[%emt 0:00:00]} O-O {[%emt 0:00:00]} 5. Bd3 {[%emt 0:00:00]} d6 {[%emt 0:00:00]} 6. Nc3 {[%emt 0:00:00]} Bg4 {[%emt 0:00:00]} 7. O-O {[%emt 0:00:00]} Bxf3 {[%emt 0:00:00]} 8. Qxf3 {[%emt 0:00:01]} Nc6 {[%emt 0:00:00]} 9. Qe2 {[%emt 0:00:00]} e5 {[%emt 0:00:00]} 10. d5 {[%emt 0:00:01]} Ne7 {[%emt 0:00:01]} 11. e4 {[%emt 0:00:00]} Nd7 {[%emt 0:00:01]} 12. Be3 {[%emt 0:00:01]} f5 {[%emt 0:00:01]} 13. exf5 {[%emt 0:00:00]} Nxf5 {[%emt 0:00:00]} 14. f4 {[%emt 0:00:01]} Nxe3 {[%emt 0:00:01]} 15. Qxe3 {[%emt 0:00:01]} exf4 {[%emt 0:00:00]} 16. Qd2 {[%emt 0:00:04]} Be5 {[%emt 0:00:02]} 17. Kh1 {[%emt 0:00:01]} Nc5 {[%emt 0:00:01]} 18. Bc2 {[%emt 0:00:02]} Qh4 {[%emt 0:00:01]} 19. Rf3 {[%emt 0:00:03]} Qf6 {[%emt 0:00:07]} 20. Raf1 {[%emt 0:00:00]} g5 {[%emt 0:00:01]} 21. Ne4 {[%emt 0:00:01]} Qg7 {[%emt 0:00:02]} 22. h3 {[%emt 0:00:02]} Nxe4 {[%emt 0:00:05]} 23. Bxe4 {[%emt 0:00:01]} h5 {[%emt 0:00:00]} 24. Qc2 {[%emt 0:00:05]} g4 {[%emt 0:00:00]} 25. hxg4 {[%emt 0:00:01]} hxg4 {[%emt 0:00:01]} 26. R3f2 {[%emt 0:00:00]} Rf6 {[%emt 0:00:01]} 27. Kg1 {[%emt 0:00:04]} g3 {[%emt 0:00:01]} 28. Rf3 {[%emt 0:00:02]} Qh6 {[%emt 0:00:01]} 29. Re1 {[%emt 0:00:01]} Qh1+ {[%emt 0:00:02]} 30. Kxh1 {[%emt 0:00:02]} Rh6+ {[%emt 0:00:01]} 31. Kg1 {[%emt 0:00:00]} Kg7 {[%emt 0:00:01]} 32. Kf1 {[%emt 0:00:00]} Rah8 {[%emt 0:00:01]} 33. Ke2 {[%emt 0:00:00]} Rh2 {[%emt 0:00:01]} 34. Kd1 {[%emt 0:00:00]} Rh1 {[%emt 0:00:02]} 35. Kd2 {[%emt 0:00:01]} Rxe1 {[%emt 0:00:02]} 36. Kxe1 {[%emt 0:00:00]} Bd4 {[%emt 0:00:01]} 37. Kd2 {[%emt 0:00:00]} Be3+ {[%emt 0:00:01]} 38. Kd3 {[%emt 0:00:00]} Bf2 {[%emt 0:00:02]} 39. Re3 {[%emt 0:00:00]} Bxe3 {[%emt 0:00:01]} 40. Ke2 {[%emt 0:00:01]} Bb6 {[%emt 0:00:00]} 41. Bf3 {[%emt 0:00:02]} Rh2 {[%emt 0:00:00]} 42. Qf5 {[%emt 0:00:01]} Rh1 {[%emt 0:00:00]} 43. Qg5+ {[%emt 0:00:01]} Kf7 {[%emt 0:00:00]} 44. Qxf4+ {[%emt 0:00:01]} Ke8 {[%emt 0:00:00]} 45. Qxg3 {[%emt 0:00:00]} Kd7 {[%emt 0:00:01]} 46. Kd3 {[%emt 0:00:00]} Bc5 {[%emt 0:00:01]} 47. Ke4 {[%emt 0:00:00]} Re1+ {[%emt 0:00:01]} 48. Kf5 {[%emt 0:00:00]} Re5+ {[%emt 0:00:01]} 49. Kg6 {[%emt 0:00:01]} Re7 {[%emt 0:00:00]} 50. Qg4+ {[%emt 0:00:00]} Ke8 {[%emt 0:00:01]} 51. Kg5 {[%emt 0:00:01]} Rf7 {[%emt 0:00:01]} 52. Kh4 {[%emt 0:00:00]} Bd4 {[%emt 0:00:00]} 53. Qh5 {[%emt 0:00:01]} Bf6+ {[%emt 0:00:00]} 54. Kg4 {[%emt 0:00:02]} Ke7 {[%emt 0:00:00]} 55. Qxf7+ {[%emt 0:00:01]} Kxf7 {[%emt 0:00:02]} 56. Kg3 {[%emt 0:00:00]} Bxb2 {[%emt 0:00:01]} 57. Kf2 {[%emt 0:00:00]} Kf6 {[%emt 0:00:00]} 58. g4 {[%emt 0:00:00]} Be5 {[%emt 0:00:00]} 59. Kg2 {[%emt 0:00:01]} Bf4 {[%emt 0:00:00]} 60. Kh3 {[%emt 0:00:00]} Ke5 {[%emt 0:00:00]} 61. g5 {[%emt 0:00:00]} Bxg5 {[%emt 0:00:01]} 62. Kg4 {[%emt 0:00:00]} Bf4 {[%emt 0:00:00]} 63. Kh5 {[%emt 0:00:00]} Be3 {[%emt 0:00:00]} 64. Kg4 {[%emt 0:00:00]} Bc5 {[%emt 0:00:00]} 65. Be2 {[%emt 0:00:01]} Kd4 {[%emt 0:00:00]} 66. Kf5 {[%emt 0:00:01]} Ke3 {[%emt 0:00:01]} 67. Bf1 {[%emt 0:00:00]} Kd2 {[%emt 0:00:00]} 68. Bh3 {[%emt 0:00:00]} Kc3 {[%emt 0:00:00]} 69. Bg4 {[%emt 0:00:00]} Kb2 {[%emt 0:00:00]} 70. Ke6 {[%emt 0:00:00]} Kxa2 {[%emt 0:00:00]} 71. Kd7 {[%emt 0:00:00]} Kb3 {[%emt 0:00:00]} 72. Kxc7 {[%emt 0:00:00]} Kxc4 {[%emt 0:00:00]} 73. Be6 {[%emt 0:00:00]} b5 {[%emt 0:00:01]} 74. Kb7 {[%emt 0:00:00]} b4 {[%emt 0:00:00]} 75. Bd7 {[%emt 0:00:00]} b3 {[%emt 0:00:00]} 76. Ba4 {[%emt 0:00:00]} b2 {[%emt 0:00:00]} 77. Bb5+ {[%emt 0:00:00]} Kc3 {[%emt 0:00:01]} 78. Kc7 {[%emt 0:00:01]} b1=Q {[%emt 0:00:00]} 79. Kd7 {[%emt 0:00:00]} Qxb5+ {[%emt 0:00:00]} 80. Ke6 {[%emt 0:00:00]} Qc6 {[%emt 0:00:00]} 81. dxc6 {[%emt 0:00:01]} Bb6 {[%emt 0:00:01]} 82. Kd7 {[%emt 0:00:00]} Bc7 {[%emt 0:00:00] Zeit (Lag: Av=0.49s, max=1.1s)} 0-1

[Event "Stay Safe Play From Home 202"]
[Site "T#646585Emanuel Laske"]
[Date "2020.06.05"]
[Round "2"]
[White "Haris kollari 13"]
[Black "SoulofWolf"]
[Result "0-1"]
[WhiteElo "1622"]
[BlackElo "2138"]
[Annotator "NA RC"]
[PlyCount "96"]
[EventDate "2020.06.05"]
[EventType "swiss (blitz)"]

1. e4 {[%emt 0:00:01]} c5 {[%emt 0:00:00]} 2. f4 {[%emt 0:00:01]} e6 {[%emt 0:00:00]} 3. Nf3 {[%emt 0:00:01]} a6 {[%emt 0:00:00]} 4. d4 {[%emt 0:00:05]} cxd4 {[%emt 0:00:00]} 5. Nxd4 {[%emt 0:00:01]} b5 {[%emt 0:00:00]} 6. Nc3 {[%emt 0:00:01]} Bb7 {[%emt 0:00:00]} 7. Qf3 {[%emt 0:00:01]} Qc7 {[%emt 0:00:01]} 8. Bd3 {[%emt 0:00:01]} Bc5 {[%emt 0:00:01]} 9. Be3 {[%emt 0:00:01]} Ne7 {[%emt 0:00:01]} 10. Nce2 {[%emt 0:00:01]} d6 {[%emt 0:00:02]} 11. g4 {[%emt 0:00:01]} Nd7 {[%emt 0:00:00]} 12. h4 {[%emt 0:00:02]} O-O-O {[%emt 0:00:01]} 13. a3 {[%emt 0:00:00]} f5 {[%emt 0:00:01]} 14. Nxe6 {[%emt 0:00:04]} fxe4 {[%emt 0:00:06]} 15. Bxe4 {[%emt 0:00:01]} Bxe4 {[%emt 0:00:03]} 16. Qxe4 {[%emt 0:00:01]} Nf6 {[%emt 0:00:01]} 17. Qa8+ {[%emt 0:00:05]} Qb8 {[%emt 0:00:01]} 18. Qxb8+ {[%emt 0:00:01]} Kxb8 {[%emt 0:00:01]} 19. Nxd8 {[%emt 0:00:00]} Rxd8 {[%emt 0:00:01]} 20. Bxc5 {[%emt 0:00:00]} dxc5 {[%emt 0:00:00]} 21. g5 {[%emt 0:00:02]} Ng4 {[%emt 0:00:02]} 22. Ng3 {[%emt 0:00:01]} g6 {[%emt 0:00:03]} 23. h5 {[%emt 0:00:01]} Ne3 {[%emt 0:00:01]} 24. Kf2 {[%emt 0:00:02]} Nxc2 {[%emt 0:00:03]} 25. hxg6 {[%emt 0:00:01]} hxg6 {[%emt 0:00:02]} 26. Rab1 {[%emt 0:00:02]} Nd5 {[%emt 0:00:02]} 27. Rbc1 {[%emt 0:00:01]} Nd4 {[%emt 0:00:01]} 28. Rxc5 {[%emt 0:00:02]} Nxf4 {[%emt 0:00:01]} 29. Rd1 {[%emt 0:00:02]} Nh3+ {[%emt 0:00:03]} 30. Kg2 {[%emt 0:00:02]} Nf4+ {[%emt 0:00:01]} 31. Kh2 {[%emt 0:00:01]} Rh8+ {[%emt 0:00:01]} 32. Kg1 {[%emt 0:00:01]} Nh3+ {[%emt 0:00:02]} 33. Kg2 {[%emt 0:00:01]} Nf4+ {[%emt 0:00:01]} 34. Kf2 {[%emt 0:00:00]} Nde6 {[%emt 0:00:01]} 35. Rc6 {[%emt 0:00:01]} Rh2+ {[%emt 0:00:01]} 36. Kf3 {[%emt 0:00:02]} Rxb2 {[%emt 0:00:01]} 37. Rdd6 {[%emt 0:00:02]} Rb3+ {[%emt 0:00:01]} 38. Kg4 {[%emt 0:00:01]} Kb7 {[%emt 0:00:05]} 39. Rxe6 {[%emt 0:00:01]} Nxe6 {[%emt 0:00:01]} 40. Rxe6 {[%emt 0:00:00]} Rxa3 {[%emt 0:00:00]} 41. Rxg6 {[%emt 0:00:00]} Rc3 {[%emt 0:00:01]} 42. Rf6 {[%emt 0:00:00]} Rc4+ {[%emt 0:00:01]} 43. Kh5 {[%emt 0:00:01]} b4 {[%emt 0:00:00]} 44. Nf5 {[%emt 0:00:01]} b3 {[%emt 0:00:01]} 45. g6 {[%emt 0:00:00]} Rc6 {[%emt 0:00:01]} 46. g7 {[%emt 0:00:00]} Rxf6 {[%emt 0:00:01]} 47. g8=Q {[%emt 0:00:00]} Rxf5+ {[%emt 0:00:01]} 48. Kh4 {[%emt 0:00:02]} Rb5 {[%emt 0:00:01] Time (Lag: Av=0.43s, max=1.1s)} 0-1

[Event "Stay Safe Play From Home 202"]
[Site "T#646585Emanuel Laske"]
[Date "2020.06.05"]
[Round "2"]
[White "Cubail"]
[Black "SecantFX"]
[Result "0-1"]
[WhiteElo "1374"]
[BlackElo "1837"]
[Annotator "NA RC"]
[PlyCount "48"]
[EventDate "2020.06.05"]
[EventType "swiss (blitz)"]

1. f4 {[%emt 0:00:02]} b6 {[%emt 0:00:02]} 2. e4 {[%emt 0:00:01]} Bb7 {[%emt 0:00:00]} 3. Nc3 {[%emt 0:00:01]} c6 {[%emt 0:00:00]} 4. d4 {[%emt 0:00:01]} g6 {[%emt 0:00:00]} 5. Nf3 {[%emt 0:00:01]} Bg7 {[%emt 0:00:00]} 6. e5 {[%emt 0:00:01]} e6 {[%emt 0:00:01]} 7. Bd3 {[%emt 0:00:01]} Ne7 {[%emt 0:00:01]} 8. Be3 {[%emt 0:00:01]} O-O {[%emt 0:00:00]} 9. O-O {[%emt 0:00:02]} f6 {[%emt 0:00:00]} 10. g4 {[%emt 0:00:02]} fxe5 {[%emt 0:00:01]} 11. dxe5 {[%emt 0:00:03]} Nd5 {[%emt 0:00:01]} 12. Bd4 {[%emt 0:00:04]} Nxf4 {[%emt 0:00:01]} 13. Qd2 {[%emt 0:00:08]} Nxd3 {[%emt 0:00:01]} 14. cxd3 {[%emt 0:00:02]} c5 {[%emt 0:00:01]} 15. Be3 {[%emt 0:00:02]} Rxf3 {[%emt 0:00:01]} 16. Rxf3 {[%emt 0:00:05]} Bxf3 {[%emt 0:00:00]} 17. Rf1 {[%emt 0:00:02]} Bxg4 {[%emt 0:00:01]} 18. Bg5 {[%emt 0:00:04]} Qe8 {[%emt 0:00:03]} 19. Bf6 {[%emt 0:00:02]} Bf5 {[%emt 0:00:01]} 20. Ne4 {[%emt 0:00:03]} Nc6 {[%emt 0:00:02]} 21. Nd6 {[%emt 0:00:02]} Qf8 {[%emt 0:00:03]} 22. Qg5 {[%emt 0:00:03]} Nxe5 {[%emt 0:00:03]} 23. Be7 {[%emt 0:00:03]} Qb8 {[%emt 0:00:06]} 24. h4 {[%emt 0:00:03]} Nf7 {[%emt 0:00:01] Time (Lag: Av=0.37s, max=0.9s)} 0-1

[Event "Stay Safe Play From Home 202"]
[Site "T#646585Emanuel Laske"]
[Date "2020.06.05"]
[Round "3"]
[White "Rogan"]
[Black "Mepe_Nika"]
[Result "1-0"]
[WhiteElo "2191"]
[BlackElo "2328"]
[Annotator "TA"]
[PlyCount "93"]
[EventDate "2020.06.05"]
[EventType "swiss (blitz)"]

{[%evp 9,92,-5,6,0,27,0,-4,1,14,-9,-8,-19,-23,-79,-44,-62,-56,-58,-45,-48,-54,-56,-31,-38,77,0,113,112,107,84,96,53,39,-117,-36,-52,-40,-71,-63,-139,-126,-113,-40,-66,0,0,0,0,0,0,0,0,0,0,0,0,168,165,151,159,156,121,152,91,88,83,29985,29986,29990,29991,29992,29993,29993,29994,29994,29994,29994,29995,29996,29996,29998,29997,29998,29999,29999]} 1. d4 d5 2. c3 Nf6 3. Nf3 Bf5 4. Bg5 Ne4 5. Bh4 Nd7 {[%cal Bb8d7,Bd7f6,Bf6e4][%mdl 32]} 6. Nbd2 {D03: 1 d4 d5 2 Nf3 Nf6 3 Bg5, including Torre Attack with early ...d5.} Ndf6 {[#]} 7. Nxe4 $146 ({Predecessor:} 7. e3 e6 8. Nxe4 Bxe4 9. Ne5 Be7 10. Be2 O-O 11. O-O Nd7 12. Bg3 Nxe5 13. Bxe5 {0-1 (42) Belloni,U (1910)-Pichierri,G (1539) Padova 2005}) 7... Nxe4 8. e3 {The position is equal.} c6 9. Qb3 Qb6 10. Be2 e6 11. O-O (11. Qxb6 $11 {keeps the balance.} axb6 12. Nd2) 11... Bd6 12. Bg3 Nxg3 13. hxg3 Qxb3 14. axb3 a6 15. Nh4 Bc2 16. b4 Bb3 (16... g5 $15 {stays ahead.} 17. Nf3 g4) 17. Ra3 (17. Bd3 $16) 17... Bc4 (17... Bc2 $11) 18. Bxc4 $16 dxc4 19. f4 O-O 20. e4 f6 21. f5 $2 (21. e5 $14 {keeps the upper hand.} fxe5 22. fxe5 Rxf1+ 23. Kxf1) 21... e5 (21... Bxg3 $17 22. Nf3 exf5 23. exf5 Rfe8) 22. dxe5 Bxe5 23. Nf3 Bxg3 {aiming for ...Rfe8.} 24. Rd1 (24. Nd4 $15) 24... Rfd8 25. Raa1 Bc7 ({Black should play} 25... Rxd1+ $17 26. Rxd1 Re8) 26. Nd4 Kf7 (26... Bb6 $1 $15) 27. Ne6 $11 Bb6+ 28. Kf1 Rxd1+ 29. Rxd1 {[%mdl 4096] Endgame Black must now prevent Rd7+. KRB-KRN} Re8 30. Ke2 Re7 31. Kf3 g6 32. g4 h5 $2 (32... Ke8 $11) 33. gxh5 $18 gxf5 34. exf5 Kg8 35. Rd2 Kh7 36. Rg2 (36. Re2 $142 {Nf8+ is the strong threat.} Kg8 37. Re4) 36... a5 $16 37. Nf8+ Kh8 $2 {[%mdl 8192] [#] This move loses the game for Black.} (37... Kh6 $16) 38. Ng6+ {White mates.} Kg7 39. Nxe7+ {[%mdl 64] Discovered Attack} Kh6 40. Ng8+ {[%mdl 64] Double Attack} Kxh5 41. Nxf6+ Kh4 42. Rg4+ Kh3 43. Ne4 axb4 44. f6 Bd8 45. f7 Be7 46. Nf2+ {[%mdl 64] [#] Discovered Attack} Kh2 47. Rg2# {Accuracy: White = 63%, Black = 54%.} 1-0

[Event "Stay Safe Play From Home 202"]
[Site "T#646585Emanuel Laske"]
[Date "2020.06.05"]
[Round "3"]
[White "SoulofWolf"]
[Black "little champs"]
[Result "1/2-1/2"]
[WhiteElo "2140"]
[BlackElo "2339"]
[Annotator "TA"]
[PlyCount "86"]
[EventDate "2020.06.05"]
[EventType "swiss (blitz)"]

{[%evp 9,86,-30,-21,-49,-62,-60,-60,-83,-64,-130,0,-22,-12,-20,-3,-77,-90,-183,-172,-182,-135,-154,-75,-70,-50,-65,-74,-69,-62,-70,-28,-88,-73,-88,-52,-82,-73,-123,-47,-35,-1,-10,0,-105,0,0,0,0,0,-19,0,0,0,0,0,0,0,0,6,0,0,0,0,0,0,0,0,0,0,0,0,0,0,0,0,0,0,0,0]} 1. b4 e6 2. a3 d5 3. Bb2 Nf6 4. d3 Be7 5. Nd2 O-O {[#]} 6. e4 $146 {A00: Irregular Openings.} ({Predecessor:} 6. Ngf3 Nbd7 7. g3 c6 8. c4 b6 9. Bg2 Bb7 10. O-O c5 11. b5 Qc7 12. e3 {½-½ (52) Valenta,V (2189)-Dobes,O (2079) Znojmo 2005}) 6... c5 7. e5 Nfd7 8. bxc5 {Black is slightly better.} Nxc5 ({Of course not} 8... Bxc5 $6 9. d4 $11) 9. d4 (9. c3 $15) 9... Ncd7 (9... Na4 $17 10. Rb1 Nxb2 11. Rxb2 f6) 10. f4 Nc6 11. Ngf3 f6 12. Bb5 (12. Bd3 $11) 12... fxe5 13. Bxc6 (13. fxe5 $17 Qb6 14. a4) 13... bxc6 $19 14. fxe5 Qb6 15. Rb1 Rb8 (15... Ba6 $142 16. c4 dxc4) 16. O-O Ba6 17. Re1 c5 18. Bc3 Qc7 19. Nb3 cxd4 20. Bxd4 (20. Ba5 $1 $11 {remains equal.} Qc4 21. Nfxd4) 20... Bc4 $17 21. h3 h6 ({Don't play} 21... Bxa3 $6 22. Ng5 $11) 22. Qd2 Bxa3 23. Na5 Bc5 (23... Bb5 $17 24. Nb3 Be7) 24. Nxc4 $15 Bxd4+ 25. Qxd4 {[#] aiming for Ne3.} Qxc4 26. Ra1 (26. Qxc4 $11 dxc4 27. Ra1) 26... Qxd4+ (26... Qxc2 $17 {...Rxf3! is the strong threat.} 27. Rec1 Qg6) 27. Nxd4 $11 {The position is equal.} Nc5 28. Rxa7 Ra8 29. Re7 Rae8 30. Rc7 Rc8 31. Ra7 Ra8 32. Rea1 Rxa7 33. Rxa7 {[%mdl 4096] Endgame KRN-KRN} Re8 34. Rc7 Ne4 35. Rc6 Kf7 36. Rc7+ Re7 37. Rc6 g5 38. Rc8 h5 39. Nc6 Rd7 40. Nd8+ Ke7 41. Nc6+ Kf7 42. Nd8+ Ke7 43. Nc6+ Kf7 {Accuracy: White = 70%, Black = 71%.} 1/2-1/2

[Event "Stay Safe Play From Home 202"]
[Site "T#646585Emanuel Laske"]
[Date "2020.06.05"]
[Round "3"]
[White "SecantFX"]
[Black "Castlingarrocco"]
[Result "0-1"]
[WhiteElo "1839"]
[BlackElo "1996"]
[Annotator "TA"]
[PlyCount "102"]
[EventDate "2020.06.05"]
[EventType "swiss (blitz)"]

{[%evp 9,102,8,35,16,31,0,7,15,23,6,53,19,9,-31,-2,-20,25,19,22,0,25,8,16,-219,-216,-475,-483,-484,-485,-464,-481,-479,-459,-652,-533,-679,-461,-705,-425,-653,-455,-668,-305,-433,-356,-486,-487,-508,-508,-644,-614,-654,-652,-640,-612,-613,-613,-589,-585,-639,-639,-712,-712,-710,-697,-958,-950,-1167,-1167,-1139,-1128,-29958,-903,-5193,-4918,-29975,-29975,-29983,-29982,-29982,-29983,-29983,-29983,-29986,-29985,-29992,-29993,-29993,-29994,-29994,-29995,-29996,-29995,-29996,-29997]} 1. g3 d6 2. Bg2 g6 3. f4 Bg7 4. Nf3 {[#]} e6 $146 ({Predecessor:} 4... c5 5. O-O Nc6 6. e4 Bg4 7. c3 Nf6 8. h3 Bxf3 9. Qxf3 O-O 10. d3 Nd7 11. g4 b5 12. e5 Rc8 13. exd6 exd6 14. a3 a5 15. Be3 b4 16. axb4 axb4 17. Rc1 Re8 18. Bf2 {0-1 (43) Bocharov,I (2489)-Zvjaginsev,V (2660) St Petersburg 2015}) 5. c3 Nd7 6. d4 {A02: Bird's Opening.} Ne7 7. Nbd2 b6 8. e4 {The position is equal.} Bb7 9. e5 d5 10. Kf1 c5 11. h3 cxd4 12. Nxd4 Nc6 13. N2f3 O-O 14. Kf2 Qe7 15. Rf1 f6 {[%cal Rc6e5] Strongly threatening ...Ncxe5!} 16. Re1 $2 {[#] White does not recover from this.} (16. Nxc6 $11 {and White is okay.} Bxc6 17. exf6 Nxf6 18. Kg1) 16... fxe5 $19 17. Kg1 $2 (17. Nxc6 {was worth a try.} Bxc6 18. Kg1) 17... exd4 18. Nxd4 Nxd4 19. cxd4 Nf6 20. Be3 Ne4 21. Rc1 (21. Kh2 $142) 21... Rac8 22. Qd3 a5 23. a3 (23. Kh2 $142) 23... Ra8 24. Rc2 (24. Kh2 $142) 24... Rfc8 25. Rec1 (25. Kh2 $142) 25... Ba6 {[#]} (25... Nxg3 $142 26. Bf3 Rxc2 27. Rxc2 Qh4) 26. Rxc8+ (26. Qxa6 $142 $1 {[%mdl 512]} Rxa6 27. Rxc8+ Bf8 28. R1c7) 26... Rxc8 27. Rxc8+ Bxc8 28. Bxe4 dxe4 29. Qxe4 Bb7 30. Qc2 Qd7 31. Qc4 Qc6 32. Qxc6 Bxc6 33. Kf2 Kf7 34. g4 Ke7 35. Ke2 Kd6 36. Kd3 Kd5 37. b4 axb4 38. axb4 Bb5+ 39. Kc3 Ke4 40. Kd2 Bc6 (40... Bxd4 $142 41. Bxd4 Kxd4 42. Kc2 Ke4 43. Kd1 Kxf4 44. Ke1 Kf3 45. h4 Kxg4 46. Kf2 Kxh4 47. Ke3 Kg4 48. Ke4 h5 49. Ke5 h4 50. Kd6 h3 51. Kc7 e5 52. Kxb6 e4 53. Kxb5 e3 54. Kc4 e2 55. Kd4 e1=Q 56. Kd5 h2 57. Kd4 h1=Q 58. Kc5 Qc3+ 59. Kd6 Qhc6+ 60. Ke7 Q3f6#) 41. f5 exf5 42. gxf5 gxf5 {Black mates.} 43. Bf2 Bd5 44. Kc3 b5 45. Bg1 Bh6 46. h4 Be3 47. Bxe3 Kxe3 48. h5 f4 49. h6 f3 50. Kb2 Ke2 51. Kc3 f2 {Accuracy: White = 34%, Black = 61%.} 0-1

[Event "Stay Safe Play From Home 202"]
[Site "T#646585Emanuel Laske"]
[Date "2020.06.05"]
[Round "3"]
[White "Justwatch"]
[Black "Haris kollari 13"]
[Result "1-0"]
[WhiteElo "1772"]
[BlackElo "1620"]
[Annotator "NA RC"]
[PlyCount "79"]
[EventDate "2020.06.05"]
[EventType "swiss (blitz)"]

1. e4 {[%emt 0:00:03]} e6 {[%emt 0:00:00]} 2. Nf3 {[%emt 0:00:02]} d5 {[%emt 0:00:00]} 3. exd5 {[%emt 0:00:00]} exd5 {[%emt 0:00:01]} 4. Nc3 {[%emt 0:00:00]} c5 {[%emt 0:00:01]} 5. d4 {[%emt 0:00:00]} Nc6 {[%emt 0:00:01]} 6. Bb5 {[%emt 0:00:02]} c4 {[%emt 0:00:02]} 7. Bxc6+ {[%emt 0:00:00]} bxc6 {[%emt 0:00:01]} 8. O-O {[%emt 0:00:00]} Bg4 {[%emt 0:00:01]} 9. Re1+ {[%emt 0:00:00]} Be7 {[%emt 0:00:01]} 10. h3 {[%emt 0:00:01]} Bh5 {[%emt 0:00:01]} 11. g4 {[%emt 0:00:01]} Bg6 {[%emt 0:00:01]} 12. Ne5 {[%emt 0:00:00]} Qc7 {[%emt 0:00:04]} 13. Qf3 {[%emt 0:00:03]} Nf6 {[%emt 0:00:02]} 14. h4 {[%emt 0:00:02]} O-O {[%emt 0:00:10]} 15. h5 {[%emt 0:00:01]} Be4 {[%emt 0:00:01]} 16. Nxe4 {[%emt 0:00:01]} Nxe4 {[%emt 0:00:01]} 17. Rxe4 {[%emt 0:00:02]} dxe4 {[%emt 0:00:02]} 18. Qxe4 {[%emt 0:00:00]} f6 {[%emt 0:00:02]} 19. Nxc6 {[%emt 0:00:04]} Bd6 {[%emt 0:00:04]} 20. d5 {[%emt 0:00:02]} Rae8 {[%emt 0:00:01]} 21. Qf3 {[%emt 0:00:01]} Be5 {[%emt 0:00:01]} 22. c3 {[%emt 0:00:02]} Rf7 {[%emt 0:00:03]} 23. Be3 {[%emt 0:00:01]} Rd7 {[%emt 0:00:01]} 24. Rd1 {[%emt 0:00:05]} Rd6 {[%emt 0:00:02]} 25. Nd4 {[%emt 0:00:02]} Re7 {[%emt 0:00:01]} 26. Nf5 {[%emt 0:00:01]} Red7 {[%emt 0:00:02]} 27. Nxd6 {[%emt 0:00:01]} Qxd6 {[%emt 0:00:01]} 28. Bd4 {[%emt 0:00:02]} Bxd4 {[%emt 0:00:01]} 29. Rxd4 {[%emt 0:00:00]} Qe5 {[%emt 0:00:01]} 30. Rxc4 {[%emt 0:00:10]} Qe1+ {[%emt 0:00:01]} 31. Kg2 {[%emt 0:00:01]} Qe5 {[%emt 0:00:01]} 32. Rc8+ {[%emt 0:00:02]} Kf7 {[%emt 0:00:00]} 33. d6 {[%emt 0:00:01]} Rxd6 {[%emt 0:00:01]} 34. Rc7+ {[%emt 0:00:01]} Kf8 {[%emt 0:00:01]} 35. Qa8+ {[%emt 0:00:00]} Qe8 {[%emt 0:00:01]} 36. Rc8 {[%emt 0:00:00]} Re6 {[%emt 0:00:02]} 37. Rxe8+ {[%emt 0:00:01]} Rxe8 {[%emt 0:00:00]} 38. Qc6 {[%emt 0:00:00]} Re7 {[%emt 0:00:00]} 39. Qc5 {[%emt 0:00:00]} Kf7 {[%emt 0:00:01]} 40. Qc8 {[%emt 0:00:00] Time ' (Lag: Av=0.49s, max=0.9s)} 1-0

[Event "Stay Safe Play From Home 202"]
[Site "T#646585Emanuel Laske"]
[Date "2020.06.05"]
[Round "3"]
[White "Trotsky"]
[Black "XShot"]
[Result "0-1"]
[WhiteElo "1605"]
[BlackElo "2494"]
[Annotator "TA"]
[PlyCount "34"]
[EventDate "2020.06.05"]
[EventType "swiss (blitz)"]

{[%evp 9,34,59,66,53,63,22,28,0,7,0,20,1,10,-16,-5,-17,-15,-27,33,-11,0,-137,-51,-365,-369,-1776,-1782]} 1. d4 c6 2. e3 d6 3. c4 Nf6 4. Nc3 Bg4 {[#]} 5. f3 $146 ({Predecessor:} 5. Be2 Bxe2 6. Qxe2 g6 7. Nf3 Nbd7 8. O-O Bg7 9. b3 O-O 10. Bb2 Re8 11. Rfd1 Qc7 {½-½ (24) Fitzke,U (1803)-Modrova,H (1810) Prague 2020}) 5... Bh5 6. Bd3 {A40: Unusual replies to 1 d4.} Bg6 7. Qc2 e6 8. h4 {White has an edge.} Bxd3 9. Qxd3 a5 10. Nh3 Na6 11. Bd2 Be7 12. a3 d5 13. c5 O-O (13... Nd7 $11) 14. Ng5 h6 15. e4 {[#]} (15. Na4 $11) 15... dxe4 (15... hxg5 16. hxg5 g6 17. gxf6 $16) ({Black should play} 15... e5 $1 $17 {[%cal Re5d4] And now ...exd4 would win.} 16. dxe5 Nxc5) 16. fxe4 $2 {[%mdl 8192]} (16. Ncxe4 $15 Nd5 17. O-O-O (17. Nd6 hxg5 18. hxg5 f5 $15)) 16... Nxc5 $19 {[%mdl 64] Pin} ({Not} 16... hxg5 $2 17. hxg5 Nh5 18. Rxh5 $18) 17. e5 $2 (17. Qe2 Qxd4 18. Be3 Nd3+ 19. Kd2) 17... Nxd3+ {Accuracy: White = 23%, Black = 76%.} 0-1

[Event "Stay Safe Play From Home 202"]
[Site "T#646585Emanuel Laske"]
[Date "2020.06.05"]
[Round "4"]
[White "little champs"]
[Black "Rogan"]
[Result "1-0"]
[WhiteElo "2330"]
[BlackElo "2214"]
[Annotator "TA"]
[PlyCount "77"]
[EventDate "2020.06.05"]
[EventType "swiss (blitz)"]

{[%evp 13,76,36,39,6,0,0,14,0,0,0,0,0,0,0,460,0,0,0,-7,-7,82,83,69,7,516,519,908,886,1469,1044,1033,1031,29974,29975,5333,4902,29983,29984,29983,29984,29985,29986,29990,29991,29991,29991,29991,29990,29990,29991,29991,29992,29992,29993,29993,29993,29998,29997,29997,29997,29998,29998,29998,29999,29999]} 1. d4 d5 2. e3 c6 3. Nf3 Nf6 4. Be2 Bg4 5. O-O Bxf3 6. Bxf3 e6 7. c4 Bd6 8. cxd5 {D11: Slav Defence: 3 Nf3 sidelines and 3...Nf6 4 e3 Bg4.} exd5 9. Nc3 {[#]} Qc7 $146 ({Predecessor:} 9... Nbd7 10. Qc2 h5 11. e4 Bxh2+ 12. Kxh2 Ng4+ 13. Kg1 Qh4 14. Bf4 O-O-O 15. Bg3 Qg5 16. Qc1 Qxc1 17. Raxc1 dxe4 18. Nxe4 Rdf8 19. Nd6+ Kd8 20. Nxb7+ {1-0 (20) Schmitz,A (2043)-Jacobi,B (1488) Leverkusen 2011}) 10. e4 {The position is equal.} Bxh2+ 11. Kh1 {[#] aiming for e5.} dxe4 $1 12. Nxe4 Nxe4 13. Bxe4 {And now g3 would win.} Bf4 $2 {[%mdl 8192]} (13... Bd6 $1 $11) 14. Qf3 $2 ({White has to play} 14. Qg4 $18 Bxc1 15. Qxg7 {[%mdl 64] Double Attack} (15. Raxc1 O-O $11)) 14... Bxc1 $11 15. Raxc1 O-O $1 16. d5 Nd7 (16... a5 $11) 17. dxc6 $40 {[%mdl 128] White goes for the king.} bxc6 18. Bxc6 ({Better is} 18. Rxc6 $14 Qa5 19. Rd6) 18... Ne5 $2 {[%mdl 8192] This costs Black the game.} (18... Rad8 $11) 19. Bxa8 $18 {[%mdl 64] [#] Discovered Attack} Nxf3 (19... Qxc1 $142 20. Rxc1 Nxf3 21. Bxf3 Rd8) 20. Rxc7 Nd2 21. Rd1 Rxa8 22. Rxd2 g6 23. Rdd7 Rf8 24. Rxa7 h5 25. b4 {White mates.} h4 26. b5 Kg7 27. b6 Kh6 28. Rxf7 Rd8 29. Rad7 Re8 30. Rfe7 Rc8 31. b7 Rc1+ 32. Kh2 Rb1 33. Re8 Kg5 34. b8=Q h3 35. Qxb1 hxg2 36. Qc1+ Kh4 37. Rh7+ Kg4 38. Re4+ Kf5 39. Qf4# {Accuracy: White = 59%, Black = 49%.} 1-0